• 首页
  • 本馆介绍
  • 公告通知
  • 最新文献
  • 馆藏检索
  • 电子资源
  • 读者导购
  • 参考咨询
  • 我的图书馆
  • 登录
  • 详细信息显示
  • 放入我的书架
  • 预约/预借图书
  • 作者相关作品
  • 分类相关作品
  • 丛书相关作品
  • 出版社相关作品

书目信息

  • 表格格式
  • 工作单格式
  • 卡片格式
题名:
探地雷达有限元正演及介电参数反演
    
 
作者: 王洪华 , 戴前伟 , 冯德山 著
分册:  
出版信息: 长沙   中南大学出版社  2016.1
页数: 174页
开本: 24cm
丛书名: 有色金属理论与技术前沿丛书
单 册:
中图分类: TN959.1
科图分类:
主题词: 探地雷达--有限元法
电子资源:
ISBN: 978-7-5487-2270-0
000 02393oam2 2200349 450
001 0400001750
005 20171019152515.0
010    @a978-7-5487-2270-0@dCNY60.00
100    @a20160923d2016 em y0chiy50 ea
101 0  @achi
102    @aCN@b430100
105    @aa az 000yy
106    @ar
200 1  @a探地雷达有限元正演及介电参数反演@9tan di lei da you xian yuan zheng yan ji jie dian can shu fan yan@dGround penetrating radar finite element numerical simulation and dielectric parameter inversion@f王洪华,戴前伟,冯德山著@zeng
210    @a长沙@c中南大学出版社@d2016.1
215    @a174页@c图@d24cm
225 2  @a有色金属理论与技术前沿丛书
300    @a国家出版基金项目
314    @a王洪华 (1986-),男,汉族,博士。出生于江西省莲花县,现为桂林理工大学地球科学学院讲师。2015年毕业于中南大学,获地球探测与信息技术工学博士学位。
314    @a戴前伟 (1968-),男,汉族,博士,教授,博士生导师。出生于湖南省涟源市,1987-1991年就读于原中南工业大学地质系,获应用地球物理专业学士学位,1991-1997年硕博连读获中南工业大学应用地球物理专业博士学位,日本东北大学高级访问学者。1997年留任中南工业大学教学,2005年晋升教授,2006年被评为博士生导师。现为中南大学地球科学与信息物理学院党委书记、国务院学位委员会地质资源与地质工程学科评议组成员、《工程勘察》编委、湖南省地球物理学会副理事长、中国地球物理学会理事。
314    @a冯德山,教授,男,博士,教授,博士生导师。中南大学地球科学与信息物理学院应用地球物理系主任、湖南省地球物理学会副秘书长,国家自然科学基金评审专家,湖南省及浙江省自然科学基金评审专家。
320    @a有书目(第165-174页)
330    @a本书在回顾探地雷达(GPR)正演及反演研究现状的基础上,对有限单元法应用于探地雷达在常规介质,频散、随机和各向异性等特殊介质中的观测数据正演及介电参数反演进行了理论研究。分析了电磁波在常规、频散、随机和各向异性介质中的传播特征及异常体回波特征。研究了层状介质阵列天线探地雷达共中心点数据的速度分析方法及全波形反演技术,建立了相应的层状介质电磁波速度及介电参数反演流程,对今后探地雷达正演及介电参数反演的深入研究提供了可借鉴的经验。
461  0 @12001 @a有色金属理论与技术前沿丛书
510 1  @aGround penetrating radar finite element numerical simulation and dielectric parameter inversion@zeng
606 0  @a探地雷达@x有限元法
690    @aTN959.1@v5
701  0 @a王洪华@9wang hong hua@f(1986-)@4著
701  0 @a戴前伟@9dai qian wei@f(1968-)@4著
701  0 @a冯德山@9feng de shan@4著
801  0 @aCN@b91MARC@c20171019
905    @b1030541-5@dTN959.1@f5@e30
    
    探地雷达有限元正演及介电参数反演=Ground penetrating radar finite element numerical simulation and dielectric parameter inversion/王洪华,戴前伟,冯德山著.-长沙:中南大学出版社,2016.1
    174页:图;24cm.-(有色金属理论与技术前沿丛书)
    国家出版基金项目
    
    ISBN 978-7-5487-2270-0:CNY60.00
    本书在回顾探地雷达(GPR)正演及反演研究现状的基础上,对有限单元法应用于探地雷达在常规介质,频散、随机和各向异性等特殊介质中的观测数据正演及介电参数反演进行了理论研究。分析了电磁波在常规、频散、随机和各向异性介质中的传播特征及异常体回波特征。研究了层状介质阵列天线探地雷达共中心点数据的速度分析方法及全波形反演技术,建立了相应的层状介质电磁波速度及介电参数反演流程,对今后探地雷达正演及介电参数反演的深入研究提供了可借鉴的经验。
●
相关链接 在E读中查询图书 在五车中查询图书 在当当中查询图书 在豆瓣中查询图书


正题名:探地雷达有限元正演及介电参数反演     索取号:TN959.1/30         预约/预借

序号 登录号 条形码 馆藏地/架位号 状态 备注
1 1030541   210305418   第二样本阅览室/ [索取号:TN959.1/30] 在馆    
2 1030542   210305427   密集书库-物理学院/ [索取号:TN959.1/30] 在馆    
3 1030543   210305436   第三借阅区/ [索取号:TN959.1/30] 在馆    
4 1030544   210305445   第三借阅区/ [索取号:TN959.1/30] 在馆    
5 1030545   210305454   第三借阅区/ [索取号:TN959.1/30] 在馆    
唐山师范学院图书馆 欢迎您!
大连网信软件有限公司© 版权所有